| 000 | 00348nam a2200121Ia 4500 | ||
|---|---|---|---|
| 008 | 150201s2005 xx 000 0 und d | ||
| 082 |
_a621.3 _bUPS |
||
| 100 | _aUPSC | ||
| 245 | _aElectronics and telecommunication engineering Convertional Unsolved Papers | ||
| 260 |
_bNew Vishal Publications _aNew Delhi _c2005 |
||
| 300 | _a152p. | ||
| 942 |
_2ddc _cBK |
||
| 999 |
_c5351 _d5351 |
||